000 00582nam a2200217Ia 4500
008 180523s9999 xx 000 0 und d
020 _a0-07-141777-X
050 _aMAIN HD 62.5
050 _b.C35 2002 c.2
100 _aCalvin, Robert J.
245 0 _aEntrepreneurial management /
245 0 _cRobert J. Calvin.
260 _aNew York :
260 _bMcGraw-Hill,
260 _c2002
300 _a295 pages :
300 _c22 cm.
440 _aThe McGraw-Hill executive MBA series.
500 _aIncludes index.
650 _aNew business enterprises -- Management.
999 _c356942
_d356942